000 00623nam a22002177a 4500
003 OSt
005 20260123014316.0
008 260123b |||||||| |||| 00| 0 eng d
020 _a9789715813143
040 _aDWCL GS lib
_cOC
082 _aProf. 810.8 C532 2008
100 _aFINLEY, MARK
245 _aPAG-ASANG DAIG ANG BUKAS
_cMARK FINLEY
260 _aManila, Philippines
_b Philippine Publishing House
_cC2020.
300 _avii, 128 pages:
_billustrations ;
_c18cm.
546 _aEnglish
650 _aReligion books
650 _aSpiritual books
700 _aMARK FINLEY
942 _2ddc
_cPROF.
_hProf.
_n0
999 _c7736
_d7736